000 00873nam a2200253 i 4500
001 bg
003 BPK
005 20201012142139.0
008 070102s1972 pl a f f |000 0 pol
015 _aPB 1973/1496
040 _aWA N
_cBPK
080 _a532
080 _a(075.8+076)
100 1 _aSzymański, Władysław
_c(inżynieria środowiska)
_eAutor
245 1 0 _aLaboratorium mechaniki płynów /
_cWładysław Szymański, Bogumił Bieniasz.
250 _aWyd. 2.
260 _aRzeszów :
_bWydaw. Uczel. Wyż. Szk. Inż.,
_c1972.
300 _a97 s. :
_bil. ;
_c23 cm.
655 4 _aĆwiczenia i zadania dla szkół wyższych
650 4 _aMechanika płynów
700 1 _aBieniasz, Bogumił
_d(1940- )
_eAutor
856 _uhttp://koha.tu.koszalin.pl/cgi-bin/koha/opac-detail.pl?biblionumber=26105
_yKatalog online BPK
942 _2UKD
_cKS
999 _c26105
_d26105